000 00596cab a22002055a 4500
001 L159031
008 151210e2015 xxk 000 0 eng d
035 _a(Sirsi) u159031
041 0 _aeng
100 1 _aCollins, Christine
245 0 0 _aRent Smart Wales
260 _c2015
490 _aLetting Update Journal
_v23(3) October 2015, 17-19(3)
520 _aLooks at Rent Smart Wales the new registration and licensing scheme for landlords and agents in Wales .
590 _aKA
650 2 4 _aLICENSING
651 4 _aRENT SMART WALES
690 _aLandlord and tenant
_96252
942 _n0
999 _c84782
_d84782